000 00940nam a2200253Ia 4500
003 OSt
005 20220930073011.0
006 a|||||r|||| 00| 0
007 ta
008 220926b |||||||| |||| 00| 0 eng d
024 _a25825
037 _cTheses
040 _aCRL
_cCRL
_beng
041 _2eng
_aeng
100 _aMuruganandham M
_9530879
110 _aUniversity of Delhi. Faculty of Science. Department of Physics and Astrophysics
_9519374
245 0 _aBiophysical approaches using nuclear magnetic resonance imaging and spectroscopy techniques to study the relationship between tumor physiology and radiation response in experimental tumor
260 _c1999
650 _aPHYSICS
700 _a Prof P C Jain Supervisor
700 _aUniversity of Delhi. Faculty of Science. Department of Physics and Astrophysics
_9519380
942 _cDIS
_2CC
999 _c864551
_d864551